[Event "Ruhrgebiet VK2 0910"]
[Site "Ruhrgebiet"]
[Date "2010.02.21"]
[Round "7.5"]
[White "Vlatten, Andre"]
[Black "Irlaender, Walter"]
[Result "1/2-1/2"]
[WhiteElo "2056"]
[BlackElo "1908"]
[PlyCount "42"]
[EventDate "2009.09.06"]
[EventType "team"]
[EventRounds "9"]
[EventCountry "GER"]
[SourceTitle "EXT 2011"]
[Source "ChessBase"]
[SourceDate "2010.11.26"]
[SourceVersion "1"]
[SourceVersionDate "2010.11.26"]
[SourceQuality "1"]
[WhiteTeam "Unser Fritz"]
[BlackTeam "Unna SV"]
[WhiteTeamCountry "GER"]
[BlackTeamCountry "GER"]

1. e4 e5 2. Nf3 Nf6 3. Nc3 Nc6 4. d4 exd4 5. Nxd4 Bb4 6. Nxc6 bxc6 7. Bd3 d6 8. 0-0 h6 9. Qf3 0-0 10. h3 Re8 11. Bf4 Bxc3 12. bxc3 Be6 13. c4 Nd7 14. Rab1 Rb8 15. Rxb8 Qxb8 16. Qg3 Kh8 17. Be3 Qb2 18. f4 f5 19. exf5 Bf7 20. Qf2 c5 21. Bd2 Qd4 1/2-1/2

[Event "Ruhrgebiet VK2 0910"]
[Site "Ruhrgebiet"]
[Date "2010.02.07"]
[Round "6.6"]
[White "Vlatten, Andre"]
[Black "Guth, Gerd Volker"]
[Result "1/2-1/2"]
[WhiteElo "2056"]
[BlackElo "1851"]
[PlyCount "33"]
[EventDate "2009.09.06"]
[EventType "team"]
[EventRounds "9"]
[EventCountry "GER"]
[SourceTitle "EXT 2011"]
[Source "ChessBase"]
[SourceDate "2010.11.26"]
[SourceVersion "1"]
[SourceVersionDate "2010.11.26"]
[SourceQuality "1"]
[WhiteTeam "Unser Fritz"]
[BlackTeam "Altenessen"]
[WhiteTeamCountry "GER"]
[BlackTeamCountry "GER"]

1. e4 c5 2. Nf3 b6 3. d4 cxd4 4. Nxd4 Bb7 5. Nc3 a6 6. Be2 e6 7. a3 Nc6 8. 0-0 Be7 9. Be3 Nf6 10. Nxc6 dxc6 11. Qxd8+ Bxd8 12. Rad1 0-0 13. Rd2 c5 14. f3 h6 15. Rfd1 Bc7 16. g3 Rfd8 17. Rxd8+ 1/2-1/2

[Event "Ruhrgebiet VK2 0910"]
[Site "Ruhrgebiet"]
[Date "2009.12.06"]
[Round "4.5"]
[White "Renk, Christoph"]
[Black "Vlatten, Andre"]
[Result "1-0"]
[WhiteElo "1827"]
[BlackElo "2056"]
[PlyCount "87"]
[EventDate "2009.09.06"]
[EventType "team"]
[EventRounds "9"]
[EventCountry "GER"]
[SourceTitle "EXT 2011"]
[Source "ChessBase"]
[SourceDate "2010.11.26"]
[SourceVersion "1"]
[SourceVersionDate "2010.11.26"]
[SourceQuality "1"]
[WhiteTeam "Buer"]
[BlackTeam "Unser Fritz"]
[WhiteTeamCountry "GER"]
[BlackTeamCountry "GER"]

1. d4 Nf6 2. c4 e6 3. g3 d5 4. Bg2 dxc4 5. Nf3 Be7 6. Qa4+ Bd7 7. Qxc4 Bc6 8. Nc3 0-0 9. 0-0 Nbd7 10. a3 Ne4 11. Qd3 Nxc3 12. bxc3 Nf6 13. c4 h6 14. Bb2 Be4 15. Qe3 c6 16. Ne5 Bxg2 17. Kxg2 Qc7 18. Rfd1 Rad8 19. Qf3 Nd7 20. Nd3 c5 21. dxc5 Nxc5 22. Qg4 Qc6+ 23. Kg1 f6 24. Nxc5 Rxd1+ 25. Rxd1 Bxc5 26. e3 Be7 27. h4 Rc8 28. Rc1 Rd8 29. Qe2 e5 30. e4 Bc5 31. Kg2 Bd4 32. Rd1 Qb6 33. Bc1 Kh7 34. h5 Bc5 35. Rd5 Bd4 36. Qg4 Rxd5 37. cxd5 Kh8 38. Qg6 Qd8 39. a4 Qf8 40. Kf3 Kg8 41. Bxh6 Qe7 42. Bc1 Kh8 43. Kg2 Qd6 44. Qf7 1-0

[Event "Ruhrgebiet VL1 0405"]
[Site "Ruhrgebiet"]
[Date "2005.03.13"]
[Round "8.5"]
[White "Vlatten, Andre"]
[Black "Delvos, Thorsten"]
[Result "1/2-1/2"]
[WhiteElo "1939"]
[BlackElo "1940"]
[PlyCount "68"]
[EventDate "2004.09.12"]
[EventType "team"]
[EventRounds "9"]
[EventCountry "GER"]
[SourceTitle "EXT 2006"]
[Source "ChessBase"]
[SourceDate "2005.11.24"]
[SourceVersion "1"]
[SourceVersionDate "2005.11.24"]
[SourceQuality "1"]
[WhiteTeam "Dortmund Kleiner Koenig"]
[BlackTeam "Mengede SG"]
[WhiteTeamCountry "GER"]
[BlackTeamCountry "GER"]

1. e4 c5 2. Nf3 Nc6 3. Nc3 d6 4. d4 cxd4 5. Nxd4 Nf6 6. Bg5 e5 7. Nf3 Be7 8. Qd2 Be6 9. 0-0-0 a6 10. Kb1 Qa5 11. Bxf6 Bxf6 12. Nd5 Qxd2 13. Rxd2 Bxd5 14. Rxd5 Ke7 15. c3 Rac8 16. Be2 Nd8 17. Rhd1 Rc6 18. Ne1 Ne6 19. g3 Rd8 20. h4 Rc5 21. R5d2 g6 22. Nd3 Rcc8 23. Bg4 Rc4 24. Nb4 Nc7 25. Bf3 Bg7 26. Rd3 a5 27. Nd5+ Nxd5 28. Rxd5 Rc5 29. Kc2 b6 30. Kb3 f5 31. Ka4 fxe4 32. Rxc5 dxc5 33. Rxd8 Kxd8 34. Bxe4 Bf6 1/2-1/2

[Event "Ruhrgebiet VL1 0405"]
[Site "Ruhrgebiet"]
[Date "2005.01.30"]
[Round "6.4"]
[White "Goschin, Andreas"]
[Black "Vlatten, Andre"]
[Result "1-0"]
[WhiteElo "2106"]
[BlackElo "1939"]
[PlyCount "75"]
[EventDate "2004.09.12"]
[EventType "team"]
[EventRounds "9"]
[EventCountry "GER"]
[SourceTitle "EXT 2006"]
[Source "ChessBase"]
[SourceDate "2005.11.24"]
[SourceVersion "1"]
[SourceVersionDate "2005.11.24"]
[SourceQuality "1"]
[WhiteTeam "Laeufer Ost"]
[BlackTeam "Dortmund Kleiner Koenig"]
[WhiteTeamCountry "GER"]
[BlackTeamCountry "GER"]

1. e4 Nc6 2. d4 e5 3. d5 Nce7 4. c4 Ng6 5. Nc3 Bb4 6. Qc2 Nf6 7. Bd3 0-0 8. Nge2 Nh5 9. Be3 d6 10. 0-0-0 a6 11. f3 Bd7 12. g3 b5 13. f4 exf4 14. gxf4 Bg4 15. Rhg1 Bxc3 16. Rxg4 Bf6 17. c5 Qd7 18. Rdg1 Rfe8 19. c6 Qe7 20. Ng3 Nxg3 21. R4xg3 b4 22. Qg2 Kh8 23. h4 Rg8 24. h5 Nf8 25. Rg4 a5 26. Qf2 a4 27. Bd4 a3 28. b3 h6 29. Kc2 Nh7 30. e5 dxe5 31. fxe5 Bg5 32. Qf5 Nf8 33. Rxg5 hxg5 34. h6 g6 35. e6+ Kh7 36. Qxf7+ Qxf7 37. exf7 Rh8 38. Bg7 1-0

[Event "Dortmund ABC Serie C-21"]
[Site "Dortmund"]
[Date "2004.06.12"]
[Round "11"]
[White "Gohla, Ulf"]
[Black "Vlatten, Andre"]
[Result "1/2-1/2"]
[WhiteElo "2033"]
[BlackElo "1919"]
[PlyCount "43"]
[EventDate "2004.04.23"]
[EventType "tourn"]
[EventRounds "11"]
[EventCountry "GER"]
[SourceTitle "EXT 2006"]
[Source "ChessBase"]
[SourceDate "2005.11.24"]
[SourceVersion "1"]
[SourceVersionDate "2005.11.24"]
[SourceQuality "1"]

1. d4 Nf6 2. c4 e6 3. Nc3 Bb4 4. Qc2 c5 5. dxc5 Na6 6. g3 Nxc5 7. Bg2 0-0 8. Bd2 Qa5 9. Nf3 d5 10. cxd5 exd5 11. 0-0 Nce4 12. Nxe4 dxe4 13. Bxb4 Qxb4 14. Ng5 Bf5 15. a3 Qe7 16. e3 Rac8 17. Qa4 b6 18. Rfd1 Rc5 19. Rac1 Rxc1 20. Rxc1 h6 21. Nh3 Rd8 22. Rd1 1/2-1/2

[Event "Dortmund ABC Serie C-21"]
[Site "Dortmund"]
[Date "2004.05.19"]
[Round "6"]
[White "Vlatten, Andre"]
[Black "Hartung, Thomas"]
[Result "1-0"]
[WhiteElo "1919"]
[BlackElo "1911"]
[PlyCount "69"]
[EventDate "2004.04.23"]
[EventType "tourn"]
[EventRounds "11"]
[EventCountry "GER"]
[SourceTitle "EXT 2006"]
[Source "ChessBase"]
[SourceDate "2005.11.24"]
[SourceVersion "1"]
[SourceVersionDate "2005.11.24"]
[SourceQuality "1"]

1. e4 e6 2. d4 d5 3. Nd2 Nf6 4. e5 Nfd7 5. c3 c5 6. Bd3 Nc6 7. Ne2 Be7 8. 0-0 0-0 9. f4 f6 10. Nf3 Qb6 11. Kh1 a5 12. a3 c4 13. Bc2 Qa6 14. Ng3 b5 15. Bd2 a4 16. Bxh7+ Kxh7 17. Ng5+ fxg5 18. Qh5+ Kg8 19. fxg5 Ndxe5 20. dxe5 Nxe5 21. Bf4 Ng4 22. g6 Nf6 23. Qh4 Bd8 24. Be5 Bd7 25. Rxf6 Rxf6 26. Qh7+ Kf8 27. Qh8+ Ke7 28. Qxg7+ Ke8 29. Bxf6 Bxf6 30. Qxf6 e5 31. Qxe5+ Be6 32. Re1 Kd7 33. Qg7+ Kd6 34. Qf6 Qc8 35. Nf5+ 1-0

[Event "Ruhrgebiet VK1 0304"]
[Site "Ruhrgebiet"]
[Date "2004.04.25"]
[Round "9.6"]
[White "Vlatten, Andre"]
[Black "Witthaus, Joerg"]
[Result "1/2-1/2"]
[WhiteElo "1917"]
[BlackElo "1963"]
[PlyCount "46"]
[EventDate "2003.09.28"]
[EventType "team"]
[EventRounds "9"]
[EventCountry "GER"]
[SourceTitle "EXT 2007"]
[Source "ChessBase"]
[SourceDate "2006.11.23"]
[SourceVersion "1"]
[SourceVersionDate "2006.11.23"]
[SourceQuality "1"]
[WhiteTeam "Dortmund Kleiner Koenig"]
[BlackTeam "Altenessen"]
[WhiteTeamCountry "GER"]
[BlackTeamCountry "GER"]

1. e4 e5 2. Nf3 Nf6 3. Nc3 Bb4 4. Bc4 0-0 5. d3 d6 6. Bg5 Nc6 7. 0-0 Bxc3 8. bxc3 h6 9. Bh4 Re8 10. Rb1 Na5 11. Bb3 Nxb3 12. cxb3 Bg4 13. Qe2 g5 14. Bg3 Nh7 15. h3 Bh5 16. Rfe1 Qc8 17. Qe3 f5 18. exf5 Qxf5 19. Nd2 Nf6 20. c4 Bg6 21. Ne4 b6 22. Nxf6+ Qxf6 23. f3 a5 1/2-1/2

[Event "Dortmund Kleiner Koenig VM-A"]
[Site "Dortmund"]
[Date "2004.03.23"]
[Round "7"]
[White "Haenel, Werner"]
[Black "Vlatten, Andre"]
[Result "0-1"]
[WhiteElo "1670"]
[BlackElo "1917"]
[PlyCount "106"]
[EventDate "2004.01.27"]
[EventType "tourn"]
[EventRounds "13"]
[EventCountry "GER"]
[SourceTitle "EXT 2006"]
[Source "ChessBase"]
[SourceDate "2005.11.24"]
[SourceVersion "1"]
[SourceVersionDate "2005.11.24"]
[SourceQuality "1"]

1. e4 Nc6 2. Nf3 e5 3. Bc4 Nf6 4. d3 d5 5. exd5 Nxd5 6. h3 Be7 7. 0-0 Be6 8. Re1 Qd6 9. Bd2 0-0-0 10. Bxd5 Bxd5 11. Nc3 Bxf3 12. Qxf3 Nd4 13. Qd1 Rhe8 14. Be3 Qc6 15. Bxd4 exd4 16. Ne4 Bb4 17. Qg4+ Kb8 18. Re2 g6 19. Ng3 Rxe2 20. Qxe2 Re8 21. Qg4 Qxc2 22. Qd7 Rc8 23. Qxd4 Bc5 24. Qf4 Qxd3 25. Rc1 Bd6 26. Qg4 Bxg3 27. Qxg3 Qxg3 28. fxg3 Re8 29. Rc2 b6 30. g4 c5 31. Rf2 Re7 32. Kh2 Kb7 33. Kg3 b5 34. Kf4 h6 35. h4 Kc6 36. g5 h5 37. g4 hxg4 38. Kxg4 c4 39. h5 gxh5+ 40. Kf5 a5 41. Kf6 Rd7 42. Rh2 b4 43. Rxh5 a4 44. Rh7 Rd2 45. Kxf7 Rxb2 46. g6 Rf2+ 47. Ke7 Rxa2 48. g7 Rg2 49. Rh6+ Kc5 50. Kf7 Rxg7+ 51. Kxg7 c3 52. Rh5+ Kc4 53. Kf6 c2 0-1

[Event "Ruhrgebiet VK1 0304"]
[Site "Ruhrgebiet"]
[Date "2003.12.07"]
[Round "4.6"]
[White "Bortel, Peter"]
[Black "Vlatten, Andre"]
[Result "1/2-1/2"]
[WhiteElo "1885"]
[BlackElo "1917"]
[PlyCount "51"]
[EventDate "2003.09.28"]
[EventType "team"]
[EventRounds "9"]
[EventCountry "GER"]
[SourceTitle "EXT 2007"]
[Source "ChessBase"]
[SourceDate "2006.11.23"]
[SourceVersion "1"]
[SourceVersionDate "2006.11.23"]
[SourceQuality "1"]
[WhiteTeam "Witten"]
[BlackTeam "Dortmund Kleiner Koenig"]
[WhiteTeamCountry "GER"]
[BlackTeamCountry "GER"]

1. e4 Nc6 2. Nc3 Nf6 3. g3 e5 4. Bg2 Bb4 5. Nge2 0-0 6. 0-0 d6 7. h3 Be6 8. Kh2 d5 9. d3 dxe4 10. Nxe4 Nxe4 11. Bxe4 Qd7 12. Bg2 Rad8 13. Be3 Bd5 14. f4 Bxg2 15. Kxg2 Qd5+ 16. Kh2 Nd4 17. Bxd4 exd4 18. f5 Bd6 19. Qd2 Rfe8 20. Rae1 Re3 21. c3 c5 22. c4 Qe5 23. Nf4 Qxf5 24. Rxe3 dxe3 25. Qxe3 b6 26. Re1 1/2-1/2

[Event "Dortmund9"]
[Site "Dortmund"]
[Date "2003.10.22"]
[Round "4"]
[White "Vlatten, Andre"]
[Black "Yanik, Mehmet"]
[Result "1/2-1/2"]
[WhiteElo "1925"]
[BlackElo "1930"]
[PlyCount "22"]
[EventDate "2003.10.08"]
[EventType "tourn"]
[EventRounds "11"]
[EventCountry "GER"]
[SourceTitle "EXT 2007"]
[Source "ChessBase"]
[SourceDate "2006.11.23"]
[SourceVersion "1"]
[SourceVersionDate "2006.11.23"]
[SourceQuality "1"]

1. e4 c5 2. c3 d5 3. exd5 Qxd5 4. d4 Nf6 5. Nf3 Bg4 6. Be2 cxd4 7. cxd4 e6 8. 0-0 Nc6 9. Nc3 Qd6 10. Be3 Be7 11. Qd2 0-0 1/2-1/2

[Event "Dortmund5"]
[Site "Dortmund"]
[Date "2003.04.09"]
[Round "8"]
[White "Jeppel Klose, Ruediger"]
[Black "Vlatten, Andre"]
[Result "0-1"]
[WhiteElo "1867"]
[BlackElo "1910"]
[PlyCount "92"]
[EventDate "2003.03.28"]
[EventType "tourn"]
[EventRounds "11"]
[EventCountry "GER"]
[SourceTitle "EXT 2007"]
[Source "ChessBase"]
[SourceDate "2006.11.23"]
[SourceVersion "1"]
[SourceVersionDate "2006.11.23"]
[SourceQuality "1"]

1. e4 e5 2. Bc4 Nf6 3. d4 exd4 4. Nf3 Nc6 5. Bg5 h6 6. Bh4 g5 7. Bg3 Nxe4 8. Nxd4 d5 9. Nxc6 bxc6 10. Qd4 Rg8 11. Be2 Bg7 12. Qb4 Be6 13. c3 Rb8 14. Qa4 Rxb2 15. Qxc6+ Bd7 16. Qxd5 Rxe2+ 17. Kf1 Nxg3+ 18. hxg3 Re5 19. Qd2 Bb5+ 20. Kg1 Qxd2 21. Nxd2 Re6 22. Rb1 Rb6 23. c4 Bc6 24. Nb3 Kd8 25. c5 Rb5 26. a4 Rb4 27. Rd1+ Kc8 28. Na5 Bxa4 29. Rc1 c6 30. Kh2 Re8 31. Nc4 Bf8 32. Ne3 Bb5 33. Rhd1 Re5 34. Rd2 Bxc5 35. Rcd1 Bxe3 36. fxe3 c5 37. Rd8+ Kc7 38. R8d6 Re6 39. Rd8 c4 40. Ra8 Kb7 41. Rdd8 Rxe3 42. Rab8+ Ka6 43. Rd6+ Ka5 44. Rb7 a6 45. Rxf7 c3 46. Kh3 Rh4# 0-1

[Event "Dortmund5"]
[Site "Dortmund"]
[Date "2003.03.28"]
[Round "1"]
[White "Wesnigk, Karl Heinz"]
[Black "Vlatten, Andre"]
[Result "1-0"]
[WhiteElo "1876"]
[BlackElo "1910"]
[PlyCount "134"]
[EventDate "2003.03.28"]
[EventType "tourn"]
[EventRounds "11"]
[EventCountry "GER"]
[SourceTitle "EXT 2007"]
[Source "ChessBase"]
[SourceDate "2006.11.23"]
[SourceVersion "1"]
[SourceVersionDate "2006.11.23"]
[SourceQuality "1"]

1. d3 e5 2. Nf3 Nc6 3. e4 Nf6 4. Nbd2 d5 5. c3 Bg4 6. Qc2 Qd7 7. b4 a6 8. Bb2 Bd6 9. a3 dxe4 10. dxe4 0-0 11. h3 Bh5 12. Rd1 Rad8 13. Be2 Rfe8 14. 0-0 h6 15. Rfe1 Bg6 16. Kh2 Nb8 17. Nh4 Bh7 18. g3 Qc8 19. Bc4 b5 20. Ba2 c5 21. bxc5 Qxc5 22. Re3 Qc7 23. c4 bxc4 24. Bxc4 Bc5 25. Re2 Bd4 26. Bxd4 Rxd4 27. Nhf3 Rd7 28. Rc1 Qd6 29. Qa4 Rc7 30. Qb3 Nc6 31. Qa4 Nd4 32. Nxd4 exd4 33. Rce1 Rce7 34. f3 Nd7 35. Qxa6 Qxa6 36. Bxa6 Ra8 37. Bb5 Rxa3 38. Bxd7 Rxd7 39. Kg2 g5 40. g4 Rc7 41. Kf2 Kg7 42. Rb1 Rcc3 43. Ke1 Kf6 44. Rb6+ Ke5 45. Rxh6 Bg6 46. h4 gxh4 47. Rxh4 Kf4 48. Rg2 d3 49. Kf2 Kg5 50. Kg3 Rc2 51. f4+ Kf6 52. f5 Raa2 53. Rhh2 Bh7 54. Kf4 Kg7 55. g5 Ra3 56. Rh4 Ra4 57. Rh3 Rc5 58. Ke3 Bxf5 59. exf5 Rxf5 60. Rhg3 Raa5 61. Nf3 Rad5 62. Rd2 Rd6 63. Rxd3 Rxd3+ 64. Kxd3 Ra5 65. Kd4 f6 66. g6 Rf5 67. Ke4 Rh5 1-0

[Event "Dortmund ABC Champions 18th"]
[Site "Dortmund"]
[Date "2002.10.11"]
[Round "1"]
[White "Vlatten, Andre"]
[Black "Gohla, Ulf"]
[Result "1-0"]
[WhiteElo "1873"]
[BlackElo "1952"]
[PlyCount "111"]
[EventDate "2002.10.11"]
[EventType "tourn"]
[EventRounds "9"]
[EventCountry "GER"]
[SourceTitle "EXT 2004"]
[Source "ChessBase"]
[SourceDate "2003.11.25"]
[SourceVersion "1"]
[SourceVersionDate "2003.11.25"]
[SourceQuality "1"]

1. e4 d5 2. exd5 Qxd5 3. Nc3 Qa5 4. d4 c6 5. Nf3 Nf6 6. Bc4 Bg4 7. h3 Bxf3 8. Qxf3 e6 9. 0-0 Nbd7 10. Re1 0-0-0 11. a3 Qh5 12. Qxh5 Nxh5 13. Bg5 Nhf6 14. Rad1 h6 15. Bf4 g5 16. Bh2 Rg8 17. b4 b5 18. Be2 Nb6 19. Bf3 Nbd5 20. Nxd5 Nxd5 21. Rc1 Bd6 22. c4 Bxh2+ 23. Kxh2 bxc4 24. Rxc4 Kd7 25. Rec1 Rc8 26. Bd1 Rc7 27. Kg3 f5 28. Bf3 Rgc8 29. Kh2 Kd6 30. Re1 Re7 31. Rc5 Rec7 32. g3 Rb8 33. Re5 Rb6 34. Rc1 Ra6 35. Bxd5 cxd5 36. Rxe6+ Kxe6 37. Rxc7 Rxa3 38. Rc6+ Kd7 39. Rxh6 Rb3 40. Rg6 Rxb4 41. Rxg5 Ke6 42. Rg6+ Kf7 43. Ra6 Rxd4 44. Rxa7+ Ke6 45. Kg2 Rd3 46. h4 Ke5 47. h5 Rc3 48. h6 Ke4 49. Re7+ Kd4 50. h7 Rc8 51. Kf3 Kd3 52. Kf4 d4 53. Kxf5 Kd2 54. Kg6 d3 55. Kg7 Kc1 56. h8Q 1-0

[Event "Dortmund4"]
[Site "Dortmund"]
[Date "2002.05.10"]
[Round "6"]
[White "Ritter, Uwe"]
[Black "Vlatten, Andre"]
[Result "1-0"]
[WhiteElo "2000"]
[BlackElo "1852"]
[PlyCount "113"]
[EventDate "2002.04.12"]
[EventType "tourn"]
[EventRounds "11"]
[EventCountry "GER"]
[SourceTitle "EXT 2007"]
[Source "ChessBase"]
[SourceDate "2006.11.23"]
[SourceVersion "1"]
[SourceVersionDate "2006.11.23"]
[SourceQuality "1"]

1. e4 e5 2. Nf3 Nc6 3. d4 exd4 4. Bc4 Nf6 5. e5 d5 6. Bb5 Ne4 7. Nxd4 Bc5 8. Be3 Bxd4 9. Qxd4 0-0 10. Bxc6 bxc6 11. Nc3 Ng5 12. 0-0-0 Ne6 13. Qd2 f6 14. exf6 Qxf6 15. g3 Bb7 16. Na4 d4 17. Bxd4 Nxd4 18. Qxd4 Qxd4 19. Rxd4 c5 20. Rdd1 Bxh1 21. Rxh1 Rxf2 22. Nxc5 Raf8 23. Ne4 Rf1+ 24. Rxf1 Rxf1+ 25. Kd2 h6 26. h4 Kf7 27. a4 Ke6 28. Ke2 Rg1 29. Kf3 Ke5 30. c3 Kd5 31. Nd2 c5 32. Kf2 Rh1 33. Ke3 Re1+ 34. Kf2 Re8 35. b3 Rb8 36. Ke3 Ke5 37. g4 Kd5 38. Kd3 Rf8 39. Ke3 g5 40. hxg5 hxg5 41. c4+ Ke5 42. Ne4 Rf4 43. Nxg5 Rxg4 44. Nf3+ Kf5 45. Nd2 Rg3+ 46. Kf2 Rh3 47. Nf3 Kf4 48. Nd2 Rh2+ 49. Ke1 Ke3 50. Nf1+ Kd3 51. Nxh2 Kc3 52. Ke2 Kxb3 53. Kd3 Kxa4 54. Kc3 Ka5 55. Nf1 Kb6 56. Kb3 Ka5 57. Nd2 1-0

[Event "Dortmund4"]
[Site "Dortmund"]
[Date "2002.05.03"]
[Round "5"]
[White "Vlatten, Andre"]
[Black "Brockmann, Fabian"]
[Result "1/2-1/2"]
[WhiteElo "1852"]
[BlackElo "1978"]
[PlyCount "40"]
[EventDate "2002.04.12"]
[EventType "tourn"]
[EventRounds "11"]
[EventCountry "GER"]
[SourceTitle "EXT 2007"]
[Source "ChessBase"]
[SourceDate "2006.11.23"]
[SourceVersion "1"]
[SourceVersionDate "2006.11.23"]
[SourceQuality "1"]

1. e4 c5 2. Nf3 Nc6 3. d4 cxd4 4. Nxd4 Nf6 5. Nc3 g6 6. Be3 Bg7 7. f3 0-0 8. Bc4 Qb6 9. Bb3 Nxe4 10. Nd5 Qa5+ 11. c3 Nc5 12. Nxc6 dxc6 13. Nxe7+ Kh8 14. Nxc8 Re8 15. Nd6 Rxe3+ 16. Kf2 Re7 17. Nxf7+ Kg8 18. Ng5+ Kh8 19. Nf7+ Kg8 20. Ng5+ Kh8 1/2-1/2

[Event "Dortmund4"]
[Site "Dortmund"]
[Date "2002.04.20"]
[Round "3"]
[White "Vlatten, Andre"]
[Black "Yanik, Mehmet"]
[Result "1/2-1/2"]
[WhiteElo "1852"]
[BlackElo "1995"]
[PlyCount "46"]
[EventDate "2002.04.12"]
[EventType "tourn"]
[EventRounds "11"]
[EventCountry "GER"]
[SourceTitle "EXT 2007"]
[Source "ChessBase"]
[SourceDate "2006.11.23"]
[SourceVersion "1"]
[SourceVersionDate "2006.11.23"]
[SourceQuality "1"]

1. e4 c5 2. Nf3 Nc6 3. d4 cxd4 4. Nxd4 Nf6 5. Nc3 d6 6. Bc4 Qb6 7. Nb3 a6 8. 0-0 e6 9. a4 Be7 10. a5 Qc7 11. Be3 0-0 12. Bb6 Qb8 13. f4 Nd7 14. Na4 Nxb6 15. Nxb6 Qa7 16. Kh1 Nxa5 17. Nxc8 Rfxc8 18. Nxa5 b6 19. Qe2 bxa5 20. Rxa5 Qc7 21. Ra4 a5 22. Bd3 Bf6 23. b3 Rab8 1/2-1/2

[Event "Dortmund4"]
[Site "Dortmund"]
[Date "2001.05.23"]
[Round "6"]
[White "Hartung, Thomas"]
[Black "Vlatten, Andre"]
[Result "0-1"]
[WhiteElo "1931"]
[BlackElo "1876"]
[PlyCount "108"]
[EventDate "2001.04.27"]
[EventType "tourn"]
[EventRounds "11"]
[EventCountry "GER"]
[SourceTitle "EXT 2007"]
[Source "ChessBase"]
[SourceDate "2006.11.23"]
[SourceVersion "1"]
[SourceVersionDate "2006.11.23"]
[SourceQuality "1"]

1. e4 e5 2. f4 Qh4+ 3. g3 Qe7 4. d3 d6 5. Nf3 Nc6 6. Bg2 Nf6 7. 0-0 Bg4 8. c3 Qd7 9. Qb3 0-0-0 10. a4 Nh5 11. f5 h6 12. Be3 g6 13. a5 gxf5 14. exf5 Bxf5 15. a6 b6 16. Qb5 Ne7 17. Qc4 Be6 18. Qh4 Ng7 19. c4 f5 20. c5 Nd5 21. cxb6 Nxe3 22. Nxe5 dxe5 23. bxa7 Bd5 24. Bxd5 Qxd5 25. Rf2 Kd7 26. Nc3 Qc5 27. Qxd8+ Kxd8 28. a8Q+ Kd7 29. d4 exd4 30. Na4 Qc6 31. Qxc6+ Kxc6 32. Rc1+ Kd7 33. a7 Bd6 34. Nc5+ Bxc5 35. Rxc5 Ra8 36. Ra5 Ne6 37. g4 f4 38. b4 Nxg4 39. Rc2 Ne3 40. Rc1 c6 41. Ra6 Nd5 42. Rcxc6 Ndc7 43. Rd6+ Ke7 44. b5 Nxa6 45. Rxa6 Nc7 46. Rxh6 Nxb5 47. Rh4 Rxa7 48. Rxf4 Ke6 49. h4 Ke5 50. Rg4 Nc3 51. Kf2 Ra2+ 52. Kf3 d3 53. Ke3 d2 54. Rd4 d1Q 0-1

[Event "Dortmund4"]
[Site "Dortmund"]
[Date "2001.05.12"]
[Round "4"]
[White "Wloka, Sebastian"]
[Black "Vlatten, Andre"]
[Result "1-0"]
[WhiteElo "1914"]
[BlackElo "1876"]
[PlyCount "63"]
[EventDate "2001.04.27"]
[EventType "tourn"]
[EventRounds "11"]
[EventCountry "GER"]
[SourceTitle "EXT 2007"]
[Source "ChessBase"]
[SourceDate "2006.11.23"]
[SourceVersion "1"]
[SourceVersionDate "2006.11.23"]
[SourceQuality "1"]

1. d4 d5 2. c4 c6 3. Nf3 Nf6 4. Nc3 e6 5. e3 Nbd7 6. Qc2 Bd6 7. b3 0-0 8. Be2 Re8 9. 0-0 Qc7 10. e4 dxe4 11. Nxe4 Nxe4 12. Qxe4 e5 13. Bg5 Nf8 14. c5 Be7 15. Bc4 Be6 16. Bxe7 Qxe7 17. Qxe5 Qd7 18. Qg3 Bd5 19. Bxd5 Qxd5 20. Qc7 Rab8 21. Qa5 a6 22. Rfe1 Ne6 23. Re5 Qd8 24. Qc3 Qf6 25. Rae1 Nc7 26. Qa5 Rxe5 27. Nxe5 Qd8 28. Qc3 f6 29. Nc4 Nb5 30. Qg3 Nxd4 31. Nd6 Qd7 32. Qf4 1-0

[Event "Dortmund4"]
[Site "Dortmund"]
[Date "2001.04.27"]
[Round "1"]
[White "Romczik, Detlef"]
[Black "Vlatten, Andre"]
[Result "1-0"]
[WhiteElo "1999"]
[BlackElo "1876"]
[PlyCount "101"]
[EventDate "2001.04.27"]
[EventType "tourn"]
[EventRounds "11"]
[EventCountry "GER"]
[SourceTitle "EXT 2007"]
[Source "ChessBase"]
[SourceDate "2006.11.23"]
[SourceVersion "1"]
[SourceVersionDate "2006.11.23"]
[SourceQuality "1"]

1. d4 Nf6 2. Bf4 d5 3. Nf3 e6 4. Nbd2 Bd6 5. Bg5 Nbd7 6. e4 dxe4 7. Nxe4 Be7 8. Nxf6+ Bxf6 9. Be3 0-0 10. Be2 b6 11. 0-0 Bb7 12. Qd2 Qe7 13. Rfe1 Rfd8 14. Bg5 c5 15. c3 cxd4 16. Bxf6 Qxf6 17. Qxd4 Qxd4 18. Nxd4 Nc5 19. Red1 Na4 20. Bb5 Nxb2 21. Rdb1 e5 22. Nf5 Rd2 23. Re1 f6 24. Re3 Rad8 25. h3 a6 26. Bc6 Bxc6 27. Ne7+ Kf8 28. Nxc6 Rc8 29. Nb4 a5 30. Na6 Rd7 31. Re2 Nc4 32. Re4 Ra7 33. Rd1 Rxa6 34. Rd7 b5 35. Rg4 g5 36. Rxh7 Rac6 37. h4 R6c7 38. Rh5 Rg7 39. hxg5 Rxg5 40. Rgxg5 fxg5 41. Rh8+ Ke7 42. Rxc8 Kd6 43. Kf1 Kd5 44. Ke2 Nd6 45. Rd8 Kc5 46. Kd3 Kd5 47. Ra8 a4 48. Rg8 Nf7 49. f3 Ke6 50. Rg6+ Kd5 51. g4 1-0

[Event "Ruhrgebiet VL1 0001"]
[Site "Ruhrgebiet"]
[Date "2001.04.08"]
[Round "8"]
[White "Kowallik, Juergen"]
[Black "Vlatten, Andre"]
[Result "1-0"]
[WhiteElo "2035"]
[BlackElo "1876"]
[PlyCount "57"]
[EventDate "2000.09.17"]
[EventType "team-tourn"]
[EventRounds "9"]
[EventCountry "GER"]
[SourceTitle "EXT 2023"]
[Source "ChessBase"]
[SourceDate "2022.10.05"]
[SourceVersion "1"]
[SourceVersionDate "2022.10.05"]
[SourceQuality "1"]
[WhiteTeam "Essen Ueberruhr"]
[BlackTeam "Dortmund Kleiner Koenig"]
[WhiteTeamCountry "GER"]
[BlackTeamCountry "GER"]

1. e4 e5 2. Nf3 Nc6 3. d4 exd4 4. Nxd4 Nf6 5. Nxc6 bxc6 6. e5 Nd5 7. c4 Nb6 8. Bd3 d5 9. exd6 cxd6 10. 0-0 Be7 11. Qc2 Be6 12. b3 Nd7 13. Re1 Bf6 14. Nc3 Ne5 15. Be4 d5 16. cxd5 cxd5 17. Nxd5 Bxd5 18. Bxd5 Qxd5 19. Ba3 Rd8 20. Rad1 Qe6 21. Qc5 Rxd1 22. Rxd1 Qb6 23. Qc8+ Bd8 24. Qc3 Qf6 25. Re1 Bb6 26. Rxe5+ Kd8 27. Rd5+ Ke8 28. Qe1+ Qe6 29. Re5 1-0